| 000 | 00547nam a22001577a 4500 | ||
|---|---|---|---|
| 999 |
_c534972 _d534972 |
||
| 020 | _qHard Cover. | ||
| 082 | _a624.1 | ||
| 100 | _aRafiq, Sana | ||
| 245 |
_aA Probabilistic Framework to Estimate Cost and Time Contingency for Building Projects in Pakistan / _cSana Rafiq. |
||
| 260 |
_aIslamabad: _bNIT NUST, _c2015. |
||
| 300 |
_a40 p. : _bill. ; _c30cm. |
||
| 942 |
_2ddc _cTHE |
||
| 650 |
_aConstruction Engineering and Management MS-Thesis. _917023 |
||
| 700 |
_aDr. Anwaar Ahmed _929431 |
||